[Event "Panama City Criollo op"]
[Site "Panama City"]
[Date "2024.11.04"]
[Round "4"]
[White "Navarro Munoz, Tulio Rogelio"]
[Black "Hoyos Bedoya, Nevardo"]
[Result "0-1"]
[WhiteElo "1481"]
[BlackElo "1777"]
[PlyCount "76"]
[EventDate "2024.11.02"]
[EventType "swiss"]
[EventRounds "6"]
[EventCountry "PAN"]
[SourceTitle "CB45_2024"]
[Source "ChessBase"]
[SourceDate "2024.11.06"]
[SourceVersion "1"]
[SourceVersionDate "2024.11.06"]
[SourceQuality "1"]

1. e4 d6 2. Nc3 Nf6 3. Nf3 c6 4. Be2 e5 5. d3 Be7 6. Bg5 Nbd7 7. Qd2 Nc5 8. h3 Ne6 9. Be3 b5 10. 0-0 Qc7 11. a3 a5 12. d4 exd4 13. Nxd4 0-0 14. Bf3 Bb7 15. Rfe1 Nd7 16. Nf5 Ne5 17. Be2 Rad8 18. f4 Nc4 19. Bxc4 bxc4 20. Na4 c5 21. Nxe7+ Qxe7 22. f5 Nc7 23. f6 gxf6 24. Qf2 Kh8 25. Nxc5 dxc5 26. Bxc5 Qe5 27. Bxf8 Rxf8 28. Qb6 Ba8 29. Rf1 Ne6 30. b3 Qxe4 31. Qf2 Nf4 32. Qf3 Qd4+ 33. Qf2 Nxh3+ 34. gxh3 Rg8+ 35. Kh2 Qe5+ 36. Qf4 Rg2+ 37. Kh1 Rg4+ 38. Kh2 Rxf4 0-1